| 000 | 01688nam a2200205Ia 4500 | ||
|---|---|---|---|
| 999 |
_c8944 _d8944 |
||
| 005 | 20230821171605.0 | ||
| 008 | 230814s9999 xx 000 0 und d | ||
| 020 | _a968-6964-52-5 | ||
| 040 |
_aUPAN _cBiblioteca San Vicente _eRCAA2 |
||
| 041 | _aspa | ||
| 082 |
_a657.45 _bI59d _c1996 |
||
| 110 |
_aComité ejecutivo de normas de auditorias _4aut. |
||
| 245 | 0 |
_aDeclaraciones sobre normas de auditoria/ _cComité ejecutivo de normas de auditorias |
|
| 250 | _a1° ed. | ||
| 260 |
_aMéxico: _bIMCP, _c1997 |
||
| 300 |
_a169 p.; _c22 cm. _f (Tomo Vl) |
||
| 505 | _aSAS 73 Uso del trabajo de un especialista SAS 74 Consideraciones para la auditoria de cumplimiento de auditorias de entidades gubernamentales y recipientes de asistencia financiera gubernamental SAS 75 Compromisos para aplicar procedimientos previamente convenidos a elementos específicos, cuentas o partidas de un estado financiero SAS 76 Correcciones a la declaración sobre normas de auditoria Nº 72 cartas a agentes de valores y algunas otras partes que la soliciten SAS 77 Correcciones a las declaraciones sobre normas de auditoria Nº 22, planeación y supervisión, Nº 59 consideraciones del auditor acerca dela habilidad de la habilidad de una entidad para continuar como negocio en marcha y Nº 62 informes especiales SAS 78 Evaluación de la estructura del control interno en una auditoria de estados financieros: corrección al SAS Nº 55 SAS 79 Corrección a la declaración sobre normas de auditorias Nº 58, Informes sobre estados financieros auditados SAS 80 Corrección a la declaración sobre normas Nº 31, evidencia comprobatoria | ||
| 650 |
_2LEMB _vNormas _xAuditoria |
||
| 942 |
_cBK _2ddc |
||